000 00478nam a2200169Ia 4500
008 150121s9999 xx 000 0 und d
020 _a0117-6323
245 _aTambara /
_h[electronic resource]
260 _bAteneo de Davao University,
_c2011.
516 _aElectronic text
650 _aPhilosophy.
650 _aSocial Sciences.
650 _aTheology.
830 _aPhilippine E-Journals
856 _uhttp://www.ejournals.ph/index.php?journal=TAMBARA
942 _cEJ
999 _c277084
_d277084